000 00506nam a2200169Ia 4500
003 LDD
008 190117s9999 xx 000 0 und d
020 _c₹95
040 _cLDD
041 _ahi
082 _a8S1.09 श 63592 सं
100 _aशर्मा, वेंकट
245 0 _aसंस्कृत के परवर्ती आचार्य
_cवेंकट शर्मा
260 _aसोनीपत
_bअक्षरम
_c1988
300 _a172पृ.
942 _2ddc
_cH
999 _c171236
_d171236